Score 0/300 Timer 20:00
14 Plays Today
Frequency Word % Correct
16612Harry
95.5%
21007A
95.5%
20353He
93.7%
51798The
93.4%
5437Her
90.9%
10433I
90%
5784Ron
89.7%
2823We
86.5%
4966Hermione
81.5%
2868Dumbledore
80.4%
2285An
79.7%
1101Potter
79.5%
4472Be
76.9%
26991To
74.9%
4798She
74.5%
2768No
74%
27483And
72.2%
1485Weasley
72.1%
1611Wand
71.6%
2320Do
71.6%
12258You
71.3%
979Voldemort
70.9%
1540Snape
69.7%
12657It
69%
2856Who
68.6%
12644In
67.8%
1430Go
67.1%
3052Is
66.2%
7189On
65.5%
5909They
65.2%
5334Not
65%
861Hogwarts
64.4%
1728Hagrid
63.7%
21805Of
63.6%
612Magic
61.5%
5649For
59.7%
2867Me
59.5%
2328When
59.2%
7626As
58.5%
464Wizard
58.4%
14275His
58%
1309Where
57.6%
4302What
57.6%
3159So
56.2%
1157Malfoy
55.1%
1006Why
54.9%
1302Can
54.8%
2029Are
54.5%
3385There
54.1%
1740How
53.3%
15628Was
53.2%
903Yes
51.2%
704Ginny
51.2%
2544One
50.7%
7002Him
50.4%
880Black
50.1%
2599Their
50.1%
876Fred
49.9%
4267Were
49.9%
458We're
49.9%
9864That
49.6%
715George
49.6%
2147Your
48.5%
14441Said
48.1%
8665At
48.1%
2027Professor
48%
1375Will
47.6%
1032Two
47.6%
4200Have
47.3%
6169But
46.4%
2617Then
46.4%
2804Could
46.2%
1991My
46.2%
4347All
45.7%
4360Up
45.6%
2667If
45.5%
1006Sirius
45.4%
1932See
44.9%
2263Would
44.7%
4167Them
44.7%
1612Or
44.4%
681McGonagall
44.4%
1326Too
44%
704Three
44%
1035Us
43.2%
1028Dark
42.8%
3215This
42.5%
4384Out
42.2%
474Should
41.8%
670Neville
41.7%
4123From
41.6%
514Boy
41.1%
10110Had
41%
667Must
40.9%
2248Did
40.8%
653Can't
39.9%
881Say
39.7%
2328Down
39%
755Death
39%
6519With
38.9%
Frequency Word % Correct
573Gryffindor
38.9%
569House
38.6%
1737Don't
38.4%
2279Know
37.8%
521He'd
37.3%
677Went
37%
638School
36.7%
639Under
36.5%
2373Like
36.5%
800Ever
36.1%
827Has
36%
2417Over
35.8%
993Good
35.7%
742Lupin
35.6%
600Our
35.3%
1694Time
34.9%
1550It's
33.9%
889Its
33.9%
2215By
33.4%
475Man
33.4%
942Some
33.3%
1445Look
33.2%
1001Want
32.7%
1350Room
32.3%
1706Get
32.2%
892Because
31.8%
1393Than
31.8%
812You're
31.7%
622Hall
31.7%
3263Been
31.7%
1814Though
31.6%
1219Saw
31.4%
1006Long
31.3%
1842Off
31.1%
1429Here
30.7%
1332Come
30.6%
1220I'm
30.4%
2304Just
30.4%
2655Now
30.2%
1279Mr.
30.2%
496Light
30.1%
2083Got
29.7%
1740Think
29.6%
1139Never
29.5%
1629Right
29.3%
1175After
29.2%
1321Head
29%
465Gone
29%
853Great
28.9%
885Mrs.
28.9%
1473Going
28.4%
562Night
28.3%
590Hear
28.3%
624Every
28.3%
1946More
28.2%
489Give
27.8%
3444Into
27.6%
937Any
27.4%
702Let
27.2%
1462Before
27.1%
1921Well
27%
1288Thought
26.9%
749Take
26.5%
497Those
26.4%
1135Hand
25.8%
943First
25.4%
484These
25.4%
2514About
25.3%
538Cloak
25.2%
617Thing
24.7%
917Left
24.6%
1611Eyes
24.4%
528Done
24.3%
1481Which
24.2%
3209Back
24%
572Ministry
24%
717Make
24%
585Most
23.8%
1555Through
23.6%
2070Very
23.5%
480Bed
23.4%
1331Didn't
23.4%
524I'll
23.3%
508Couldn't
22.7%
1866Again
22.6%
766Came
22.5%
615Seen
22.3%
1129Way
22.2%
1005Knew
22%
2187Around
21.6%
970Tell
21.5%
560Hair
21.3%
469Year
21.2%
934Made
21%
1308Door
20.9%
650Find
20.8%
607Gave
20.7%
729Took
20.7%
933Heard
20.7%
643Put
20.6%
Frequency Word % Correct
1032He's
20.5%
1002Even
20.5%
2347Looked
20.4%
1032Much
20.3%
481Second
20.2%
1356Only
20.1%
690Old
20%
462Many
19.6%
571Without
19.5%
542Umbridge
19.5%
986Oh
19.4%
473Small
19.4%
1015Little
19.3%
813Might
19.3%
1049Last
19.2%
593Need
19.1%
1094Told
18.9%
475Robes
18.9%
1143Other
18.9%
1204Something
18.8%
681Inside
18.6%
472Walked
18.7%
561End
18.6%
1234Harry's
18.4%
521Help
18.3%
921People
18.1%
704Nothing
18%
548Being
17.8%
656Against
17.6%
514Doing
17.5%
1540Face
17.4%
1123Away
17.2%
709Next
17.1%
506Wasn't
17.1%
563Wanted
17%
1060Once
16.8%
761I've
16.8%
458Sat
16.7%
907Really
16.6%
469Yet
16.6%
702Open
16.5%
613Found
16.3%
603Place
16.1%
709Yeah
15.9%
1096Asked
15.8%
684Table
15.7%
886Felt
15.5%
524Side
15.4%
533Better
15.3%
729Anything
15.1%
804Front
14.8%
521Uncle
14.5%
1147Behind
14.4%
520Keep
14.4%
453Hard
14.2%
744Feet
14.1%
689While
14%
563Mean
13.8%
756That's
13.8%
600Hands
13.8%
643Large
13.6%
467However
13.6%
646Floor
13.5%
1627Looking
13.4%
547Quite
13.1%
708Another
12.8%
1696Still
12.6%
685Few
12.6%
560Each
12.5%
481Years
12.4%
639Own
12.1%
461Fell
11.8%
760Toward
11.6%
732Sure
11.6%
590Stood
11.6%
559Upon
11.5%
491Mind
11.4%
1112Himself
11.4%
554Bit
11.3%
455What's
11.3%
499Along
11.2%
459Set
11.1%
533Air
10.9%
632Course
10.2%
600Both
10.2%
460Else
9.9%
558Across
9.6%
1453Voice
9.4%
512Enough
9.2%
520Happened
9.1%
457Suddenly
9%
717Trying
8.6%
456Standing
8.6%
1129Seemed
8.3%
459Rather
8.1%
482Already
8%
1075Turned
7.9%
573Pulled
6.9%
879Moment
6.9%
472Staring
5.7%
Remove Ads.
Support Sporcle.
Get the best of Sporcle when you Go Orange. This ad-free experience offers more features, more stats, and more fun while also helping to support Sporcle. Thank you for becoming a member.

You're not logged in!

Compare scores with friends on all Sporcle quizzes.
OR
Log In

Sporcle TV

Today on Sporcle TV


Watch our educational content, quiz creation guides, and fun videos on Sporcle TV.

Show Comments

Extras

Top Quizzes Today


Score Distribution

Paid Content

Your Account Isn't Verified!

In order to create a playlist on Sporcle, you need to verify the email address you used during registration. Go to your Sporcle Settings to finish the process.

Report this User

Report this user for behavior that violates our Community Guidelines.

Details: